The making of memory : (Record no. 2546)
[ view plain ]
| 000 -LEADER | |
|---|---|
| fixed length control field | 00750pam a2200217 a 4500 |
| 001 - CONTROL NUMBER | |
| control field | 2996292 |
| 005 - DATE AND TIME OF LATEST TRANSACTION | |
| control field | 20250115101453.0 |
| 008 - FIXED-LENGTH DATA ELEMENTS--GENERAL INFORMATION | |
| fixed length control field | 930409s1993 nyua b 001 0 eng |
| 020 ## - INTERNATIONAL STANDARD BOOK NUMBER | |
| International Standard Book Number | 9780385471213 |
| Terms of availability | $12.95 ($16.95 Can.) |
| 050 00 - LIBRARY OF CONGRESS CALL NUMBER | |
| Classification number | QP406 |
| Item number | .R66 1993 |
| 082 00 - DEWEY DECIMAL CLASSIFICATION NUMBER | |
| Classification number | 612.8/2 |
| Edition information | 20 |
| 100 1# - MAIN ENTRY--PERSONAL NAME | |
| Personal name | Rose, Steven P. R. |
| Fuller form of name | (Steven Peter Russell), |
| Dates associated with a name | 1938- |
| 245 14 - TITLE STATEMENT | |
| Title | The making of memory : |
| Remainder of title | from molecules to mind / |
| Statement of responsibility, etc. | Steven Rose. |
| 250 ## - EDITION STATEMENT | |
| Edition statement | 1st Anchor Books ed. |
| 260 ## - PUBLICATION, DISTRIBUTION, ETC. | |
| Place of publication, distribution, etc. | New York : |
| Name of publisher, distributor, etc. | Anchor Books, |
| Date of publication, distribution, etc. | 1993. |
| 300 ## - PHYSICAL DESCRIPTION | |
| Extent | 355 p. : |
| Other physical details | ill. ; |
| Dimensions | 24 cm. |
| 500 ## - GENERAL NOTE | |
| General note | Originally published: UK : Bantam, 1992. |
| 650 #0 - SUBJECT ADDED ENTRY--TOPICAL TERM | |
| Topical term or geographic name entry element | Memory. |
| 856 42 - ELECTRONIC LOCATION AND ACCESS | |
| Materials specified | Publisher description |
| Uniform Resource Identifier | <a href="http://www.loc.gov/catdir/description/random046/93017597.html">http://www.loc.gov/catdir/description/random046/93017597.html</a> |
| 942 ## - ADDED ENTRY ELEMENTS (KOHA) | |
| Source of classification or shelving scheme | Library of Congress Classification |
| Koha item type | Books |
| Suppress in OPAC | No |
| 999 ## - | |
| -- | 2546 |
| -- | 2546 |
| Withdrawn status | Lost status | Source of classification or shelving scheme | Damaged status | Not for loan | Collection | Home library | Current library | Shelving location | Date acquired | Total checkouts | Full call number | Barcode | Date last seen | Copy number | Price effective from | Koha item type |
|---|---|---|---|---|---|---|---|---|---|---|---|---|---|---|---|---|
| Library of Congress Classification | Non-fiction | Science Library (Miotso) | Science Library (Miotso) | General stacks | 01/15/2025 | QP406 .R66 ROS | SLM00001806 | 01/15/2025 | 1 | 01/15/2025 | Books |